000 01484 a2200205 4500
020 _a0066621127
020 _a9780066621128
082 0 4 _a658.4063
090 _c2437
_d2437
100 1 _aHammer, Michael.
245 1 0 _aReengineering the corporation :
_ba manifesto for business revolution /
_cMichael Hammer.
260 _a[S.l.] :
_bHarperBusiness,
_c2001.
300 _a257 p. ;
_c21 cm.
500 _aPaperback.
520 _aNo business concept was more important to America's economic revival in the 1990s than reengineering -- introduced to the world in Michael Hammer and James Champy's Reengineering the Corporation. Already a classic, this international bestseller describes how the radical redesign of a company's processes, organization, and culture can achieve a quantum leap in performance. But if you think that reengineering once was enough, think again. More changes, more challenges are coming in the twenty-first century. Now Hammer and Champy have updated and revised their milestone work for the New Economy they helped to create -- promising to help corporations save hundreds of millions of dollars more, raise their customer satisfaction still higher, and grow ever more nimble in the years to come.
700 1 _aChampy, James.
856 4 0 _3Amazon.com
_uhttp://www.amazon.com/exec/obidos/ASIN/0066621127/chopaconline-20
856 4 0 _3Amazon customer reviews
_uhttp://www.chopac.org/cgi-bin/tools/azrev.pl?q=0066621127
942 _aNBS
_cBK
_k658.4063 MIC
999 _c344934
_d344934